Statistiques concernant Culture Générale - Série 705

Cliquez ici pour prendre le quiz!

Statistiques générales

  • Ce quiz a été pris 83 fois
  • Le résultat moyen est 8 sur 10

Statistiques - réponses

QuestionRéponse% Correct
Quel sandwich, à base de saucisse de Francfort, signifie "chien chaud", en français ?hot dog
100%
Dans quel musée peut-on admirer la Vénus de Milo ?Le Louvre
97%
Quel nom portent les poils des paupières chez l'homme ?cils
95%
Selon la fable de La Fontaine, qui "se trouva fort dépourvue quand la bise fut venue" ?La cigale
95%
Quand on se tient en équilibre à la verticale, la tête et les mains appuyées sur le sol, on fait le...poirier
91%
Quel roman de Jules Renard décrit les déboires d'un petit garçon roux ?Poil de carotte
90%
Au tennis, comment appelle-t-on un service gagnant sans que l'adversaire ne touche la balle ?ace
86%
Dans quelle capitale européenne, l'écrivain Jonathan Swift est-il né ?Dublin
64%
Dans quel genre cinématographique les acteurs appelés "hardeurs" se produisent-ils ?pornographie
43%
Comment s'appelait la mère de l'empereur romain Néron, assassinée sur ordre de son propre fils ?Agrippine
34%

Distribution des résultats

Percentile par nombre de réponses

% des personnes avec chaque résultat

Votre développement - résultats

Vous n’avez pas pris ce quiz